| 000 | 00711nam a22002175i 4500 | ||
|---|---|---|---|
| 001 | 156091 | ||
| 003 | ES-MaACL | ||
| 005 | 20250815164344.0 | ||
| 008 | 040727s1850 gw |||| | eng d | ||
| 040 |
_aCAM _bspa _cCAM |
||
| 080 | _a297 | ||
| 100 | 0 |
_aIrving, Washington, _d1783-1859 _965506 |
|
| 245 | 1 | 0 |
_aLives of the successors of Mahomet / _cby Washington Irving. |
| 260 |
_aLeipzig : _bBernh. Tauchnitz Jun., _c1850. |
||
| 300 |
_aXIV, 404 p. ; _c16 cm. |
||
| 490 | 1 |
_aCollection of british authors ; _v192 |
|
| 650 | 7 |
_aIslamismo _2embne _913903 |
|
| 830 | 0 |
_aCollection of british authors ; _v192 _9180703 |
|
| 852 |
_aES-MaACL _jG-11577 _z-- Enc. hol. |
||
| 999 |
_c156091 _d156091 |
||